000
00309nam a22001337a 4500
008
190304b xxu||||| |||| 00| 0 eng d
020
_a
9780683306484
041
_a
eng
080
_a
616-002.77
100
_a
7
101
_a
REU
245
_a
Clinical Primer of Rheumatology
_c
Koopman,W.J
942
_2
udc
_c
BK
999
_c
54390
_d
54390